[Event "FRA-chT4 0304"]
[Site "Bretagne"]
[Date "2004.01.18"]
[Round "4"]
[White "Le Garrec, Christophe"]
[Black "Le Senechal, Maurice"]
[Result "1-0"]
[WhiteElo "1530"]
[BlackElo "1580"]
[PlyCount "79"]
[EventDate "2003.10.12"]
[EventType "team"]
[EventRounds "9"]
[EventCountry "FRA"]
[SourceTitle "EXT 2005"]
[Source "ChessBase"]
[SourceDate "2004.11.15"]
[SourceVersion "1"]
[SourceVersionDate "2004.11.15"]
[SourceQuality "1"]

1. d4 Nf6 2. c4 c5 3. Nf3 cxd4 4. Qxd4 Nc6 5. Qd1 e5 6. Nc3 Bc5 7. Bg5 Qb6 8. e3 Qxb2 9. Qc1 Qxc1+ 10. Rxc1 a6 11. Bxf6 gxf6 12. Ne4 Bb4+ 13. Kd1 Rb8 14. Nxf6+ Ke7 15. Nd5+ Kd6 16. Ng5 Rg8 17. Nxh7 Kc5 18. Nhf6 Ne7 19. Nxg8 Nxg8 20. g3 Nh6 21. f4 Ng4 22. Ke2 d6 23. h3 Nh6 24. g4 exf4 25. exf4 Bd7 26. Bg2 b5 27. cxb5+ Kxb5 28. Nxb4 Re8+ 29. Kf2 Kxb4 30. Rhd1 Bb5 31. Bf1 Re4 32. Rb1+ Ka5 33. Bxb5 axb5 34. Kf3 Rc4 35. Rd3 b4 36. a3 f5 37. axb4+ Rxb4 38. Rxb4 Kxb4 39. Rxd6 fxg4+ 40. hxg4 1-0